| 000 | 00424 a2200133 4500 | ||
|---|---|---|---|
| 001 | 87676 | ||
| 082 | _aPR 53 | ||
| 090 |
_c41135 _d41135 |
||
| 100 | _aAli Murtaza Naqvi, Plt Off 15505 70(B) EC | ||
| 245 | _aSimulated Target shooter for firing range of Pakistan Air Force Academy Risalpur | ||
| 260 |
_aRisalpur _bCAE PAF Academy Risalpur _c2011 |
||
| 300 |
_avii, 31p. _eJunaid Hafeez, Sqn Ldr |
||
| 500 | _aBE Project Reports | ||
| 942 |
_aCAE NUST _kPR 53 |
||
| 999 |
_c322749 _d322749 |
||